Athletics 2025 Roster - Statistics

General Stats
  • This quiz has been taken 12 times
  • The average score is 13 of 35
Answer Stats
Jersey # Answer % Correct
25 Brent Rooker
100%
5 Jacob Wilson
100%
33 JJ Bleday
82%
4 Lawrence Butler
82%
16 Nick Kurtz
82%
21 Tyler Soderstrom
82%
1 Denzel Clarke
73%
38 JP Sears
64%
19 Mason Miller
64%
10 Max Muncy
64%
40 Luis Severino
55%
23 Shea Langeliers
55%
70 J.T. Ginn
45%
20 Zack Gelof
45%
57 Jacob Lopez
36%
59 Jeffrey Springs
36%
36 Hogan Harris
27%
44 Tyler Ferguson
27%
13 Gio Urshela
18%
53 Gunnar Hoglund
18%
17 Luis Urias
18%
12 Max Schuemann
18%
22 Miguel Andujar
18%
28 Mitch Spence
18%
45 Osvaldo Bido
18%
48 T.J. McFarland
18%
66 Brady Basso
9%
61 Elvis Alvarado
9%
67 Grant Holman
9%
37 Jose Leclerc
9%
60 Justin Sterner
9%
6 Logan Davidson
9%
35 Drew Avans
0%
31 Sean Newcomb
0%
65 Willie MacIver
0%
No matching quizzes found
Score Distribution
Percent of People with Each Score
Percentile by Number Answered
Your Score History
You have not taken this quiz